Pelos caminhos do sangue (Record no. 61428)

MARC details
000 -LÍDER
campo de controle de tamanho fixo 00388 a2200157 4500
001 - NÚMERO DE CONTROLE
campo de controle 61428
020 ## - ISBN - INTERNATIONAL STANDARD BOOK NUMBER
ISBN - International Standard Book Number 8570565631
040 ## - FONTE DA CATALOGAÇÃO
Instituição que transcreveu o registro Anchieta - Pituba
100 ## - ENTRADA PRINCIPAL--NOME PESSOAL
Nome pessoal Nigro, Rogério Gonçalves
240 10 - TÍTULO UNIFORME
Título uniforme Pelos caminhos do sangue
Idioma da obra por
245 10 - TÍTULO
Título Pelos caminhos do sangue
300 ## - DESCRIÇÃO FÍSICA
Extensão 47
362 0# - DATAS DE PUBLICAÇÃO E/OU DESIGNAÇÃO SEQUENCIAL
Datas de publicação e/ou designação sequencial 1993
650 #4 - ASSUNTO--TERMO TÓPICO
Cabeçalho tópico ou nome geográfico BIOLOGIA, CIÊNICAS DA VIDA (CIÊNCIAS NATURAIS)
942 ## - ELEMENTOS DE ENTRADA ADICIONADOS (KOHA)
Tipo de material Koha Livros
Holdings
Situação do descarte Situação das perdas Situação física Não pode ser emprestado Biblioteca de origem Biblioteca atual Data de aquisição Total de empréstimos Número de chamada completo Código de barras Data de último acesso Data do preço efetivo Tipo de material Koha
        Colégio Anchieta - Pituba Colégio Anchieta - Pituba 21/11/2023   570 N689p NIG PEL 13460/PIT 21/11/2023 21/11/2023 Livros